Fumaça do bom direito : (Record no. 886)

MARC details
000 -LÍDER
Campo Fixo de Controle 00692nam a2200241 a 4500
001 - NÚMERO DE CONTROLE
Campo de Controle 886
003 - IDENTIFICAÇÃO DO NÚMERO DE CONTROLE
Campo de Controle BR-CuiBMT
005 - DATA E HORA DA ÚLTIMA ATUALIZAÇÃO
Campo de Controle 20231212143716.0
008 - DADOS FIXOS
Dados Fixos 231122s2011 prb 000 0 por d
020 ## - INTERNATIONAL STANDARD BOOK NUMBER
Nº do ISBN 9788580920000
040 ## - AGÊNCIA CATALOGADORA
Código da Agência Catalogadora BR-CuiBMT
Agência que transcreveu o registro BR-CuiBMT
080 ## - Nº DA CLASSIFICAÇÃO DECIMAL UNIVERSAL
Nº Class. CDU 340.12
Nº edição CDU 2007
090 ## - NÚMERO DE CHAMADA
Nº classificação 340.12
Cutter C672f
100 1# - ENTRADA PRINCIPAL -- AUTOR PESSOAL
Nome pessoal Coelho, Luiz Fernando,
Datas associadas ao nome 1939-
245 10 - TÍTULO PRINCIPAL
Título principal Fumaça do bom direito :
Subtítulo ensaios de filosofia e teoria do direito /
Indicação de responsabilidade Luiz Fernando Coelho.
250 ## - EDIÇÃO
Edição [1. ed.]
260 ## - PUBLICAÇÃO, DISTRIBUIÇÃO, ETC.
Local de publicação Curitiba :
Editora Bonijuris :
-- JM,
Data 2011.
300 ## - DESCRIÇÃO FÍSICA
N. páginas ou volumes 320 p. ;
Dimensões 23 cm
650 ## - ASSUNTO TÓPICO
Cabeçalho tópico ou nome geográfico Direito
Subdivisão geral Filosofia
650 ## - ASSUNTO TÓPICO
Cabeçalho tópico ou nome geográfico Direito
Subdivisão geral Ética
650 ## - ASSUNTO TÓPICO
Cabeçalho tópico ou nome geográfico Direito
Subdivisão geral Estudo e ensino
942 ## - ELEMENTOS DE ENTRADA ADICIONAIS (KOHA)
Fonte de classificação ou esquema de arquivamento Classificação Decimal Universal
Tipo de item do Koha Livros
Holdings
Estado: removido Estado: perdido Fonte de classificação ou esquema de arquivamento Estado: danificado Indisponível para empréstimo Localização permanente Localização atual Data de aquisição Total Checkouts Número de Chamada completo Código de barras Date last seen Número do exemplar Preço efetivo a partir de Tipo de item (Koha)
    Classificação Decimal Universal     Biblioteca da Escola Superior de Contas do TCE/MT Biblioteca da Escola Superior de Contas do TCE/MT 22/11/2023   340.12 C672f BIBTCEMT23110867 22/11/2023 Ex. 1 22/11/2023 Livros

Powered by Koha